[Event "Belgrade Summer op"]
[Site "Belgrade"]
[Date "2009.06.10"]
[Round "8"]
[White "Vukovic, Ljubomir"]
[Black "Masovic, Bogosav"]
[Result "0-1"]
[WhiteElo "1967"]
[BlackElo "1828"]
[PlyCount "95"]
[EventDate "2009.06.02"]
[EventType "swiss"]
[EventRounds "9"]
[EventCountry "SRB"]
[SourceTitle "EXT 2019"]
[Source "ChessBase"]
[SourceDate "2018.10.10"]
[SourceVersion "1"]
[SourceVersionDate "2018.10.10"]
[SourceQuality "1"]

1. b4 d5 2. Bb2 Bf5 3. e3 e6 4. c4 c6 5. Nf3 h6 6. c5 Nf6 7. Be2 Nbd7 8. d4 Be7 9. Nc3 Qc7 10. 0-0 Ne4 11. Bd3 Nxc3 12. Bxc3 Bxd3 13. Qxd3 Nf6 14. Rfc1 Ne4 15. Be1 Bf6 16. a4 Ng5 17. Ne5 0-0 18. Ng4 Qe7 19. h4 Nh7 20. g3 e5 21. dxe5 Bxe5 22. Nxe5 Qxe5 23. Bc3 Qe6 24. Qd4 Nf6 25. Re1 Qe4 26. Qd1 Qf5 27. Qd4 Qe4 28. Qd1 Qf5 29. Ra2 Rfe8 30. Bd4 a6 31. a5 Re6 32. Kg2 Rae8 33. f3 h5 34. Rae2 Qg6 35. Kh2 Nd7 36. Rg2 Qh7 37. g4 hxg4 38. Rxg4 Nf6 39. Bxf6 Rxf6 40. e4 Rfe6 41. Reg1 dxe4 42. Qd4 f6 43. fxe4 Rxe4 44. Qxf6 Rxg4 45. Rxg4 Qc2+ 46. Kg3 Re3+ 47. Kf4 Qe4+ 48. Kg5 0-1

[Event "Belgrade Summer op"]
[Site "Belgrade"]
[Date "2009.06.04"]
[Round "3"]
[White "Vukovic, Ljubomir"]
[Black "Pusonja, Nikola"]
[Result "0-1"]
[WhiteElo "1967"]
[BlackElo "1677"]
[PlyCount "115"]
[EventDate "2009.06.02"]
[EventType "swiss"]
[EventRounds "9"]
[EventCountry "SRB"]
[SourceTitle "EXT 2019"]
[Source "ChessBase"]
[SourceDate "2018.10.10"]
[SourceVersion "1"]
[SourceVersionDate "2018.10.10"]
[SourceQuality "1"]

1. b4 a5 2. b5 d5 3. Bb2 Nf6 4. e3 e6 5. c4 c5 6. Nf3 b6 7. Be2 Bb7 8. 0-0 Bd6 9. d4 Nbd7 10. Nbd2 Qc7 11. h3 Rc8 12. Re1 0-0 13. Bd3 e5 14. dxe5 Nxe5 15. Be2 Rfd8 16. Qc2 dxc4 17. Nxe5 Bxe5 18. Bxe5 Qxe5 19. Nxc4 Qe6 20. Red1 g6 21. Nd2 Qe7 22. Nc4 Qe6 23. f3 Bd5 24. e4 Bxc4 25. Bxc4 Qe7 26. Qc3 Nh5 27. Qe3 Ng7 28. Qf4 Ne6 29. Qe5 Qc7 30. Qf6 Qf4 31. Qe7 Nd4 32. Kf2 Re8 33. Qb7 Rb8 34. Qd7 h5 35. Bd5 Rbd8 36. Qb7 h4 37. Rd3 Rb8 38. Qd7 Rec8 39. Qg4 Qxg4 40. hxg4 Nxb5 41. Bc4 Nd4 42. Ba6 Rc7 43. Bc4 b5 44. Bd5 Kg7 45. f4 f6 46. Rc1 Rbc8 47. Rb1 b4 48. Bc4 Rd8 49. Rc1 g5 50. f5 Rcc8 51. Rcd1 Nc6 52. Rd7+ Kh8 53. Bb5 Nd4 54. Rxd8+ Rxd8 55. Bc4 Kg7 56. Rd3 Nc6 57. Rxd8 Nxd8 58. Bd5 0-1

[Event "Belgrade Winter op"]
[Site "Belgrade"]
[Date "2008.01.28"]
[Round "7"]
[White "Nestorovic, Lazar"]
[Black "Vukovic, Ljubomir"]
[Result "1-0"]
[WhiteElo "2234"]
[BlackElo "1953"]
[PlyCount "121"]
[EventDate "2008.01.22"]
[EventType "swiss"]
[EventRounds "9"]
[EventCountry "YUG"]
[SourceTitle "CBM 122 Extra"]
[Source "ChessBase"]
[SourceDate "2008.03.04"]
[SourceVersion "1"]
[SourceVersionDate "2008.03.04"]
[SourceQuality "1"]

1. e4 e5 2. Bc4 Nf6 3. d3 c6 4. Qe2 Be7 5. Nf3 0-0 6. Bb3 d6 7. c3 Bg4 8. 0-0 Nbd7 9. Nbd2 Nc5 10. Bc2 Ne6 11. Re1 Nd7 12. h3 Bh5 13. Nf1 Ng5 14. Bxg5 Bxg5 15. Ng3 Bg6 16. Nxg5 Qxg5 17. Rad1 Rfe8 18. Qg4 Qd8 19. h4 Nf6 20. Qf3 h5 21. Nf5 Ng4 22. g3 Re6 23. d4 Rf6 24. dxe5 Nxe5 25. Qe2 Kh8 26. Kg2 Qc7 27. f3 Re8 28. Nd4 c5 29. Nf5 Nd7 30. Qd2 Ree6 31. Ne3 Nb6 32. Bb3 Re8 33. Bc2 Rfe6 34. Bb3 c4 35. Bc2 Nd7 36. Qd4 b5 37. Nd5 Qb7 38. Nf4 Rf6 39. Nd5 Rfe6 40. Rd2 Ne5 41. Rde2 a5 42. Nf4 Rf6 43. Nxg6+ Rxg6 44. f4 Nc6 45. Qd5 Rge6 46. Qxh5+ Rh6 47. Qd5 Rhe6 48. Kh2 Qb6 49. Qh5+ Kg8 50. e5 g6 51. Qg5 dxe5 52. f5 Rd6 53. fxg6 f6 54. Qg4 Kg7 55. Rf1 Ne7 56. Rxe5 fxe5 57. Rf7+ Kg8 58. Qh5 Rd2+ 59. Kh3 Qe6+ 60. Bf5 Qxf7 61. gxf7+ 1-0

[Event "Belgrade Winter op"]
[Site "Belgrade"]
[Date "2008.01.24"]
[Round "3"]
[White "Kerecki, Ljubisa"]
[Black "Vukovic, Ljubomir"]
[Result "1-0"]
[WhiteElo "2169"]
[BlackElo "1953"]
[PlyCount "49"]
[EventDate "2008.01.22"]
[EventType "swiss"]
[EventRounds "9"]
[EventCountry "YUG"]
[SourceTitle "CBM 122 Extra"]
[Source "ChessBase"]
[SourceDate "2008.03.04"]
[SourceVersion "1"]
[SourceVersionDate "2008.03.04"]
[SourceQuality "1"]

1. e4 e5 2. Nf3 d5 3. Nxe5 Qe7 4. d4 f6 5. Nd3 dxe4 6. Nf4 Bf5 7. Bc4 Nc6 8. c3 0-0-0 9. Qa4 Kb8 10. Be3 Bd7 11. Bxg8 Rxg8 12. d5 g5 13. dxc6 Bxc6 14. Qxa7+ Kc8 15. Ne2 b6 16. Nd4 Bb7 17. Nd2 c5 18. Nb5 Qd7 19. Qxb6 f5 20. Nc4 Rg6 21. Qxg6 Qxb5 22. Qxf5+ Kb8 23. b3 Bg7 24. 0-0 Bxc3 25. Rad1 1-0

[Event "Belgrade Winter op"]
[Site "Belgrade"]
[Date "2008.01.22"]
[Round "1"]
[White "Maric, Dragan"]
[Black "Vukovic, Ljubomir"]
[Result "1-0"]
[WhiteElo "2300"]
[BlackElo "1953"]
[PlyCount "57"]
[EventDate "2008.01.22"]
[EventType "swiss"]
[EventRounds "9"]
[EventCountry "YUG"]
[SourceTitle "CBM 122 Extra"]
[Source "ChessBase"]
[SourceDate "2008.03.04"]
[SourceVersion "1"]
[SourceVersionDate "2008.03.04"]
[SourceQuality "1"]

1. Nf3 Nf6 2. g3 d5 3. c4 e6 4. Bg2 c6 5. b3 Be7 6. Bb2 0-0 7. 0-0 Ne8 8. d3 Bf6 9. Nc3 Nd7 10. e4 d4 11. Ne2 e5 12. Nd2 Rb8 13. f4 c5 14. Nf3 g6 15. f5 Bg5 16. Nxg5 Qxg5 17. Bc1 Qh5 18. Bf3 Qh3 19. Kh1 Ndf6 20. Ng1 Bxf5 21. Nxh3 Bxh3 22. Bg2 Bg4 23. Qe1 Be6 24. Bh6 Ng4 25. Bxf8 Kxf8 26. Bh3 Kg7 27. Bxg4 Bxg4 28. Qa5 Be2 29. Qxc5 1-0

[Event "Belgrade Winter op"]
[Site "Belgrade"]
[Date "2007.01.25"]
[Round "2"]
[White "Zivkovic, Velibor"]
[Black "Vukovic, Ljubomir"]
[Result "1-0"]
[WhiteElo "1983"]
[BlackElo "1927"]
[PlyCount "47"]
[EventDate "2007.01.24"]
[EventType "swiss"]
[EventRounds "9"]
[EventCountry "YUG"]
[SourceTitle "EXT 2010"]
[Source "ChessBase"]
[SourceDate "2010.11.25"]
[SourceVersion "1"]
[SourceVersionDate "2010.11.25"]
[SourceQuality "1"]

1. Nf3 Nf6 2. d4 d5 3. Bf4 Bf5 4. e3 h6 5. Bd3 Bxd3 6. Qxd3 e6 7. Qb5+ Nbd7 8. Qxb7 Rb8 9. Qxa7 Rxb2 10. 0-0 c5 11. Na3 g5 12. Be5 Be7 13. Rfb1 Rxb1+ 14. Rxb1 g4 15. Nd2 0-0 16. Bf4 Kg7 17. Rb7 cxd4 18. exd4 Qc8 19. Rc7 Qa8 20. Nb5 Qe8 21. a4 h5 22. Be5 Bd8 23. Nd6 Qe7 24. Rxd7 1-0

[Event "Belgrade Ada op"]
[Site "Belgrade"]
[Date "2005.08.20"]
[Round "6"]
[White "Savic, Dragoljub"]
[Black "Vukovic, Ljubomir"]
[Result "1-0"]
[WhiteElo "2127"]
[BlackElo "1961"]
[PlyCount "51"]
[EventDate "2005.08.15"]
[EventType "swiss"]
[EventRounds "9"]
[EventCountry "YUG"]
[SourceTitle "CBM 107 Extra"]
[Source "ChessBase"]
[SourceDate "2005.09.01"]
[SourceVersion "1"]
[SourceVersionDate "2005.09.01"]
[SourceQuality "1"]

1. e4 e5 2. Nf3 d5 3. exd5 e4 4. Qe2 Nf6 5. Nc3 Be7 6. Nxe4 Nxd5 7. c4 Nb4 8. d4 0-0 9. a3 N4c6 10. d5 Na5 11. Qc2 b6 12. Bd3 g6 13. 0-0 Nb7 14. Bh6 Re8 15. Qc3 f6 16. Rfe1 Nd7 17. b4 Bf8 18. Bxf8 Rxf8 19. Rad1 Nd6 20. c5 Nxe4 21. Bxe4 f5 22. Bc2 Nf6 23. d6 c6 24. Bb3+ Kh8 25. Re7 Bd7 26. Ng5 1-0

[Event "Belgrade Spring op"]
[Site "Belgrade"]
[Date "2003.03.31"]
[Round "7"]
[White "Kosovac, Milan"]
[Black "Vukovic, Ljubomir"]
[Result "1-0"]
[WhiteElo "2018"]
[BlackElo "1992"]
[PlyCount "107"]
[EventDate "2003.03.25"]
[EventType "swiss"]
[EventRounds "9"]
[EventCountry "YUG"]
[SourceTitle "CBM 093 Extra"]
[Source "ChessBase"]
[SourceDate "2003.05.09"]
[SourceVersion "1"]
[SourceVersionDate "2003.05.09"]
[SourceQuality "1"]

1. d3 e5 2. Nf3 d6 3. Nc3 f5 4. g3 Nf6 5. Bg2 Nc6 6. Nd2 d5 7. e3 a6 8. Ne2 Bd6 9. b3 0-0 10. 0-0 Be6 11. Nf3 Kh8 12. Ng5 Bg8 13. d4 e4 14. Nf4 Re8 15. h4 Qd7 16. Bb2 Ne7 17. f3 Bxf4 18. exf4 Nh5 19. Kh2 Nf6 20. fxe4 Ng4+ 21. Kh1 Ne3 22. Qe2 Nxf1 23. Rxf1 dxe4 24. c4 h6 25. Qh5 Qd6 26. Nf7+ Bxf7 27. Qxf7 Qg6 28. Qxg6 Nxg6 29. h5 Ne7 30. d5 Kg8 31. g4 g6 32. hxg6 Nxg6 33. gxf5 Nh4 34. f6 Nxg2 35. Kxg2 Kf7 36. Re1 Kg6 37. Be5 Kf5 38. Bxc7 Kxf6 39. Kf2 Kf5 40. Rh1 Re7 41. Bd6 Rh7 42. Rh5+ Kg4 43. Re5 Rd8 44. Re6 b6 45. Ke3 Kf5 46. Be7 Rd7 47. Rf6+ Kg4 48. d6 h5 49. Kxe4 Rg7 50. f5 Rgxe7+ 51. dxe7 Rxe7+ 52. Re6 Rb7 53. f6 Rf7 54. Ke5 1-0